| Tag |
First Indicator |
Second Indicator |
Subfields |
| LEADER |
00000cam a22000007i 4500 |
| 001 |
in00005670921 |
| 006 |
m o d |
| 007 |
cr un||||||||| |
| 008 |
250723s2025 mau ob 001 0 eng d |
| 005 |
20251130201111.1 |
| 035 |
|
|
|a (OCoLC)on1547661619
|
| 040 |
|
|
|a ELGAR
|b eng
|e rda
|c ELGAR
|d OCLCO
|d YDX
|
| 020 |
|
|
|a 9781035348022 (electronic bk.)
|
| 020 |
|
|
|a 1035348020
|q electronic book
|
| 035 |
|
|
|a (OCoLC)1547661619
|
| 050 |
|
4 |
|a Q335
|b .K64 2025
|
| 082 |
0 |
4 |
|a 006.3
|2 23
|
| 100 |
1 |
|
|a Koenig, Pascal,
|e author.
|
| 245 |
1 |
0 |
|a Understanding the politics of artificial intelligence /
|c Pascal D. Koenig (Assistant Professor of Public Administration, Department of Political Science and Public Administration, Vrije Universiteit Amsterdam, the Netherlands).
|
| 250 |
|
|
|a First edition.
|
| 264 |
|
1 |
|a Northampton :
|b Edward Elgar Publishing,
|c 2025.
|
| 300 |
|
|
|a 1 online resource (178 pages).
|
| 336 |
|
|
|a text
|b txt
|2 rdacontent
|
| 337 |
|
|
|a computer
|b c
|2 rdamedia
|
| 338 |
|
|
|a online resource
|b cr
|2 rdacarrier
|
| 490 |
1 |
|
|a Understanding series
|
| 504 |
|
|
|a Includes bibliographical references and index.
|
| 505 |
0 |
|
|a 1. Introduction: Understanding the politics of artificial intelligence -- 2. Defining and contextualising AI -- 3. The politics of data, algorithms, and AI systems -- 4. AI and the algorithmic ordering of society -- 5. AI narratives in popular culture and media reporting -- 6. Public perceptions of AI -- 7. AI in party competition -- 8. Politicising AI -- 9. The geopolitics of AI -- 10. Different approaches to AI regulation -- 11. Conclusion: How political is AI? -- References -- Index.
|
| 520 |
|
|
|a "This interdisciplinary book provides a comprehensive overview of the relationship between artificial intelligence (AI) and politics. Pascal D. Koenig analyzes what politicizes AI, describes the distinct facets of this relationship, and how they interconnect. Incorporating a wide range of perspectives on AI and politics, Koenig explores technology design, how AI can engineer social relations, as well as its appearance in societal narratives, public opinion, and geopolitics. He reveals its manifold impacts on society, such as through automation and decision support tools in the public and private sector or the growing use of virtual assistants, and how these effects vary in visibility. The book also discusses the extent to which AI has become politicized, encompassing how it has been targeted by governance, data concerns, and the influence of private actors. Ultimately, Koenig concludes that the kinds of politics of AI with the greatest impact on society are often subtle and far removed from day-to-day politics. Understanding the Politics of Artificial Intelligence is a crucial resource for scholars and students of innovation policy, disruptive technologies and AI, international politics, and regulation and governance. It is also a beneficial read for practitioners and policymakers working on technology policy and governance who are interested in the intersection of AI and politics"--
|c Provided by publisher.
|
| 532 |
1 |
|
|3 EBSCOhost
|a "EBSCO evaluates our products based on the Web Content Accessibility Guidelines (WCAG) and the related Section 508 and EN 301 549 regulations in the US and EU. Most EBSCO products are substantially conformant with WCAG 2.2 level AA." Source: https://connect.ebsco.com/s/article/EBSCO-VPATs?language=en_US. Last accessed April 22, 2025.
|
| 588 |
|
|
|a Description based upon online resource; title from PDF title page (viewed November 20th, 2025).
|
| 650 |
|
0 |
|a Artificial intelligence
|x Political aspects.
|
| 650 |
|
6 |
|a Intelligence artificielle
|0 (CaQQLa)201-0008626
|x Aspect politique.
|0 (CaQQLa)201-0382521
|
| 655 |
|
0 |
|a Electronic books.
|
| 710 |
2 |
|
|a Edward Elgar Publishing,
|e publisher.
|
| 776 |
1 |
|
|z 9781035348015 (hardback)
|
| 830 |
|
0 |
|a Understanding series.
|
| 852 |
8 |
|
|b POD
|z This title is available for the library to purchase for your use. Click the "Purchase It For Me" button to place a request. This item will take 5-10 business days to arrive.
|
| 955 |
|
|
|a Ebook POD title
|
| 961 |
|
|
|m 565731
|
| 999 |
f |
f |
|s 698f4ec5-5d26-4a78-a9b3-cf6444174fd4
|i 5de54bb3-fb4d-4c3b-8097-f1a1b56d977f
|t 0
|
| 952 |
f |
f |
|a Texas A&M University
|b College Station
|c Sterling C. Evans Library
|d Purchase on Demand
|t 0
|e Q335 .K64 2025
|h Library of Congress classification
|
| 998 |
f |
f |
|a Q335 .K64 2025
|t 0
|l Purchase on Demand
|